Top 15 Countries with Covid-19 Cases - 13 June - Statistics

General Stats
  • This quiz has been taken 35 times
  • The average score is 14 of 26
Answer Stats
country % Correct
United States
100%
United Kingdom
97%
France
94%
Russia
91%
Germany
89%
Brazil
86%
India
86%
Italy
86%
Mexico
86%
Spain
86%
Iran
63%
Sweden
60%
Turkey
60%
Ireland
51%
Pakistan
49%
Chile
43%
Chile
43%
Belgium
37%
Peru
31%
Singapore
17%
Armenia
14%
Belarus
14%
Panama
14%
Qatar
14%
Bahrain
11%
Kuwait
11%
No matching quizzes found
Score Distribution
Percent of People with Each Score
Percentile by Number Answered
Your Score History
You have not taken this quiz